| 000 | 01135cam a22003857 4500 | ||
|---|---|---|---|
| 001 | 445092 | ||
| 003 | DO-SdBPM | ||
| 005 | 20250204110411.0 | ||
| 007 | 445092 | ||
| 008 | 090312s2001 sp a | |||| 000 1 spa | ||
| 015 | _a | ||
| 017 |
_a _b |
||
| 020 | _a 9580442770 | ||
| 035 | _a | ||
| 040 |
_aDO-SdBPM _bspa _cBPMSU _e |
||
| 041 | 1 |
_aspa _h |
|
| 080 | _a | ||
| 082 | 4 |
_aCo863.6 _bR457M 2001 _222 |
|
| 100 | 1 |
_aReyes, Yolanda, _d1959- |
|
| 240 | 1 | 0 |
_a _l |
| 245 | 1 | 0 |
_aMaría de los dinosaurios / _cYolanda Reyes ; ilustraciones de Ivar _h |
| 250 | _a | ||
| 260 |
_aBogotá, Colombia ; _b Grupo Editorial Norma, _c2001 |
||
| 300 |
_a83 p. : _bil.,; _c19 cm. |
||
| 490 | 0 |
_aTorre de Papel, _v 1 |
|
| 500 | _a Libro reseñado en : Boletín cultural y bibliográfico. | ||
| 590 | _aInventariado, 2025/VM | ||
| 650 | 4 | _aCuentos infantiles colombianos. | |
| 650 | 4 |
_aGigantes _vCuentos infantiles. |
|
| 650 | 4 |
_aDinosauriso _vCuentos infantiles. |
|
| 700 | 1 |
_aDa Coll, Ivar _d1962- _eilustraciones |
|
| 830 | _pTorre de papel | ||
| 910 | _aVMateo V. Cotrol de calidad. BPMSU | ||
| 942 |
_2ddc _cBK |
||
| 999 |
_c9149 _d9149 |
||